| 000 | 01612nam0a2200385 4500 | ||
|---|---|---|---|
| 001 | RU\NLR\bibl\487799 | ||
| 005 | 20250623194437.0 | ||
| 010 |
_a5-02-002827-4 _9400 |
||
| 021 |
_aRU _b2004-1383 _977 |
||
| 035 | _a(NLR Aleph) 000480489 | ||
| 090 |
_a1050583 _c1050583 |
||
| 100 | _a20040206d2003 |||y0rusy50 ca | ||
| 101 | 0 |
_arus _deng |
|
| 102 | _aRU | ||
| 105 | _aa ||||||||| | ||
| 200 | 1 |
_aСтресс, старение и их биохимическая коррекция _dStress, aging and their biochemical correction _fИ.Н. Тодоров, Г.И. Тодоров _gПод ред. и с предисл. акад. С.М. Алдошина _gРос. акад. наук, Ин-т пробл. хим. физики _zeng |
|
| 210 |
_aМ. _cНаука _d2003 |
||
| 215 |
_a478, [1] с. _cил. _d22 |
||
| 300 | _aАвт. также на англ. яз.: I.N. Todorov, G.I. Todorov | ||
| 300 | _aРез. на англ. яз. | ||
| 320 | _aБиблиогр. в конце частей | ||
| 510 | 0 |
_aStress, aging and their biochemical correction _zeng |
|
| 606 | 0 |
_aСтарение _91000578 _3RU\NLR\auth\6661636 |
|
| 606 | 0 |
_aСтресс _xБиохимические исследования _9914923 _3RU\NLR\auth\6615200 |
|
| 686 | _aЕ903,72 | ||
| 686 | _aР341.28 | ||
| 700 | 1 |
_aТодоров _bИ. Н. _gИгорь Николаевич _4070 |
|
| 701 | 1 |
_aТодоров _bГ. И. _gГерман Игоревич _4070 |
|
| 801 | 0 |
_aRU _bNLR _c20040206 _gPSBO |
|
| 801 | 1 |
_aRU _bNLR _c20040206 |
|
| 830 | _aАвт. по кн. | ||
| 942 | _cBOOK | ||
| 980 | _aNB | ||